000 00557nam a22002537a 4500
003 UA-OsUOA
001 27035
007 ta
008 20040614b un ||||| |||| 00| 0 ukr d
100 _aЖелязны Р.
090 _a82-312.1
_bЖ52
942 _cBK
040 _aUA-OsUOA
_brus
_cUA-OsUOA
_dUA-OsUOA
245 _aБог Света
300 _a288 с.
955 _a0
041 _arus
080 _a82-312.1
020 _a5-337-01386-5
260 _aКиев
_bУрожай
_c1992
044 _aUA
650 7 _2UDC
999 _c313374
_d313374